Central Library OPAC University of Rajshahi

A study of agroclimatology in semi-arid and arid zones of the Near East / (Record no. 73870)

MARC details
000 -LEADER
fixed length control field 01041nam a2200265 4500
001 - CONTROL NUMBER
control field 73870
003 - CONTROL NUMBER IDENTIFIER
rucl marc code BD-RjUL
005 - DATE AND TIME OF LATEST TRANSACTION
control field 20211209082445.0
008 - FIXED-LENGTH DATA ELEMENTS--GENERAL INFORMATION
fixed length control field 170613s1963 sw a b 000 0 eng d
035 ## - SYSTEM CONTROL NUMBER
System control number (BD-RjUL)
040 ## - CATALOGING SOURCE
Original cataloging agency DLC
Transcribing agency DLC
Modifying agency DLC
-- BD-RjUL
Language of cataloging eng
041 0# - LANGUAGE CODE
Language code of text/sound track or separate title eng
Language code of summary or abstract frerusspa
082 00 - DEWEY DECIMAL CLASSIFICATION NUMBER
Classification number 630.25150956
Edition number 23
Author mark and year BRS 1963
100 1# - MAIN ENTRY--PERSONAL NAME
Personal name Perrin de Brichambaut, G.
9 (RLIN) 218744
245 12 - TITLE STATEMENT
Title A study of agroclimatology in semi-arid and arid zones of the Near East /
Statement of responsibility, etc. By G. Perrin de Brichambaut and C. C. Wallén.
260 ## - PUBLICATION, DISTRIBUTION, ETC. (IMPRINT)
Place of publication, distribution, etc. Geneva :
Name of publisher, distributor, etc. World Meteorological Organization,
Date of publication, distribution, etc. 1963
300 ## - PHYSICAL DESCRIPTION
Pagination 64 p. :
Illustrations ill. ;
Size 28 cm.
490 1# - SERIES STATEMENT
Series statement World Meteorological Organization. Technical note,
Volume/sequential designation no. 56
500 ## - GENERAL NOTE
General note Summaries in English, French, Russian, and Spanish.
504 ## - BIBLIOGRAPHY, ETC. NOTE
Bibliography, etc Includes Bibliography
650 #0 - SUBJECT ADDED ENTRY--TOPICAL TERM
Topical term or geographic name as entry element Meteorology, Agricultural
Geographic subdivision Middle East.
9 (RLIN) 218745
700 1# - ADDED ENTRY--PERSONAL NAME
Personal name Wallén, C. C.
Fuller form of name (Carl Christian),
Relator term joint author.
830 #0 - SERIES ADDED ENTRY--UNIFORM TITLE
Uniform title Technical note (World Meteorological Organization) ;
Volume number/sequential designation no. 56.
942 ## - ADDED ENTRY ELEMENTS (KOHA)
Source of classification or shelving scheme Dewey Decimal Classification
Koha item type Books
Holdings
Lost status Source of classification or shelving scheme Damaged status Not for loan Collection code Permanent Location Current Location Shelving location Date acquired Source of acquisition Total Checkouts Full call number Date last seen Copy number Koha item type
  Dewey Decimal Classification   Not For Loan Non-fiction Central Library, University of Rajshahi Central Library, University of Rajshahi Reading Room 02/12/1965 Zeitlinger   630.25150956 BRS 1963 30/10/2018 C-1 Books